Literature - British Literature | 1 | 4 | 0 | 0 | 55 | 82 | 105.00 | 3 | 5 |
Literature - World Literature | 2 | 1 | 0 | 0 | 40 | 45 | 74.33 | 1 | 3 |
History - World History | 1 | 2 | 0 | 1 | 35 | 36 | 78.33 | 1 | 3 |
Science - Biology | 1 | 2 | 0 | 0 | 35 | 52 | 78.00 | 2 | 3 |
Religion | 1 | 2 | 0 | 0 | 35 | 61 | 90.00 | 2 | 3 |
Science - Other Science | 1 | 2 | 1 | 0 | 30 | 69 | 82.33 | 1 | 3 |
Science - Physics | 0 | 4 | 2 | 1 | 30 | 65 | 88.75 | 3 | 4 |
Mythology | 0 | 3 | 0 | 1 | 30 | 98 | 125.67 | 1 | 3 |
Philosophy | 0 | 2 | 0 | 0 | 20 | 74 | 86.00 | 1 | 2 |
Literature - European Literature | 0 | 2 | 0 | 0 | 20 | 79 | 106.50 | 1 | 2 |
Fine Arts - Other Fine Arts | 1 | 1 | 1 | 0 | 20 | 59 | 80.00 | 2 | 2 |
Science - Chemistry | 0 | 1 | 0 | 0 | 10 | 85 | 85.00 | 1 | 1 |
Other Academic | 0 | 1 | 0 | 1 | 10 | 123 | 123.00 | 0 | 1 |
Fine Arts - Visual Fine Arts | 0 | 1 | 0 | 0 | 10 | 90 | 90.00 | 0 | 1 |
Literature - American Literature | 0 | 2 | 2 | 0 | 10 | 89 | 98.00 | 1 | 2 |
History - American History | 0 | 1 | 0 | 0 | 10 | 121 | 121.00 | 0 | 1 |
Fine Arts - Auditory Fine Arts | 0 | 1 | 0 | 0 | 10 | 141 | 141.00 | 1 | 1 |
History - European History | 0 | 0 | 0 | 0 | 0 | | 0.00 | 0 | 0 |
Current Events | 0 | 0 | 1 | 0 | -5 | | 0.00 | 0 | 0 |
Geography | 0 | 0 | 1 | 0 | -5 | | 0.00 | 0 | 0 |
Social Science | 0 | 0 | 3 | 0 | -15 | | 0.00 | 0 | 0 |